Abriendo ventanas
Gorde:
| Formatua: | Liburua |
|---|---|
| Hizkuntza: | gaztelania |
| Argitaratua: |
Santiago
Universitaria
1991
|
| Saila: | Colección Aprender Haciendo
|
| Gaiak: | |
| Etiketak: |
Etiketa erantsi
Etiketarik gabe, Izan zaitez lehena erregistro honi etiketa jartzen!
|
MARC
| LEADER | 00000nam a2200000 a 4500 | ||
|---|---|---|---|
| 001 | UCW6844 | ||
| 003 | CL-VaPUC | ||
| 008 | 920612e19910000CL |||||||||||||||||spa|d | ||
| 082 | 0 | 4 | |a 372.6 |b MIL |2 21 |
| 245 | 1 | 0 | |a Abriendo ventanas |
| 300 | |a 161 p | ||
| 942 | |c BK | ||
| 945 | |d 19920612 00:00:00 | ||
| 260 | |a Santiago |b Universitaria |c 1991 | ||
| 650 | 0 | |a Educación preescolar |9 260381 | |
| 650 | 7 | |a MADUREZ EMOCIONAL |2 CL-VaPUC |9 311923 | |
| 650 | 0 | |a Psicología del niño |9 307305 | |
| 583 | |a last modification |c 20130106 11:15:29 |k Rodrigo Vera | ||
| 490 | 0 | |a Colección Aprender Haciendo | |
| 999 | |c 219765 |d 219763 | ||
| 952 | |0 0 |1 0 |4 0 |6 372_600000000000000_MIL_1991 |7 0 |8 A |9 211074 |a BIBEDU |b BIBEDU |d 2019-11-15 |i 2793318 |o 372.6 MIL 1991 |p 2793318 |r 2019-11-15 |w 2019-11-15 |y BK |k EDU | ||
| 952 | |0 0 |1 0 |4 0 |6 372_600000000000000_MIL_1991 |7 0 |8 A |9 211075 |a BIBEDU |b BIBEDU |d 2019-11-15 |i 1560263 |o 372.6 MIL 1991 |p 1560263 |r 2019-11-15 |w 2019-11-15 |y BK |k EDU | ||